Les pays qui ont le plus visité la Norvège - Statistiques

Statistiques générales
  • Ce quiz a été pris 278 fois
  • Le résultat moyen est 9 sur 10
Statistiques - réponses
No.visitEura en 2015 Pays % Correct
326,866 France
99%
1,097,231 Suède
97%
1,459,908 Allemagne
92%
749,517 Danemark
91%
704,508 Royaume-Uni
89%
253,590 Espagne
88%
425,295 États-Unis
86%
197,785 Italie
83%
567,343 Pays-bas
77%
287,153 Chine
69%
Aucun quiz correspondant
Distribution des résultats
% des personnes avec chaque résultat
Percentile par nombre de réponses
Votre historique - résultats
Vous n’avez pas pris ce quiz